[Event "10th American Continental"]
[Site "Montevideo URU"]
[Date "2015.05.21"]
[Round "8.40"]
[White "Izquierdo, Daniel"]
[Black "Izquierdo, Sebastian"]
[Result "1/2-1/2"]
[WhiteTitle "FM"]
[WhiteElo "2190"]
[BlackElo "2040"]
[WhiteFideId "3000044"]
[BlackFideId "3001610"]
[EventDate "2015.05.15"]
[EventType "swiss"]

1. e4 c6 2. d4 d5 3. Nc3 dxe4 4. Nxe4 Bf5 5. Ng3 Bg6 6. Nf3 Nd7 7. h4 h6 8. Bd3
Bxd3 9. Qxd3 e6 10. Bf4 Qa5+ 11. Bd2 Qc7 12. O-O Ngf6 13. c4 Bd6 14. Ne4 Nxe4
15. Qxe4 Nf6 16. Qe2 O-O 17. Bc3 Be7 18. Rad1 Rad8 1/2-1/2

[Event "10th American Continental"]
[Site "Montevideo URU"]
[Date "2015.05.21"]
[Round "8.41"]
[White "Sanchez Sandoval, Gonzalo"]
[Black "Muzzi, Eduardo"]
[Result "1-0"]
[BlackTitle "CM"]
[WhiteElo "2187"]
[BlackElo "1987"]
[WhiteFideId "3414167"]
[BlackFideId "3001253"]
[EventDate "2015.05.15"]
[EventType "swiss"]

1. e4 e6 2. d4 d5 3. Nc3 Bb4 4. e5 c5 5. a3 Bxc3+ 6. bxc3 Qc7 7. Nf3 b6 8. h4
Ba6 9. h5 Bxf1 10. Kxf1 h6 11. Rh4 Ne7 12. Kg1 Nbc6 13. Rf4 Na5 14. Nh4 cxd4 15.
cxd4 Rc8 16. Qg4 Qxc2 17. Be3 Qh7 18. Re1 Rg8 19. Bd2 Nc4 20. Bb4 g5 21. hxg6
Nxg6 22. Rf6 Rc6 23. Nf5 Ne7 24. Qh4 Nxf5 25. Rxf5 Rc7 26. Rf6 Rg6 27. Qh5 Qg7
28. g3 a5 29. Bd6 Rxg3+ 30. Kh1 Rg5 31. Rxe6+ Kd8 32. Bxc7+ Kxc7 33. Re7+ Kd8
34. Qxf7 Qxf7 35. Rxf7 Nd2 36. e6 Ne4 37. f3 Ng3+ 38. Kh2 Nf5 39. e7+ 1-0

[Event "10th American Continental"]
[Site "Montevideo URU"]
[Date "2015.05.21"]
[Round "8.42"]
[White "Sopko, Cassio Roberto"]
[Black "Arcos Facio, Mateo"]
[Result "0-1"]
[BlackTitle "FM"]
[WhiteElo "1930"]
[BlackElo "2184"]
[WhiteFideId "2167867"]
[BlackFideId "3001199"]
[EventDate "2015.05.15"]
[EventType "swiss"]

1. Nf3 g6 2. c4 Bg7 3. g3 d6 4. Bg2 e5 5. Nc3 Nc6 6. d3 f5 7. e4 Nf6 8. a3 O-O
9. O-O h6 10. b4 f4 11. b5 Ne7 12. Nd5 g5 13. Re1 Be6 14. Rb1 Ng6 15. Nd2 c6 16.
bxc6 bxc6 17. Nxf6+ Bxf6 18. Qh5 Kg7 19. Rb7+ Rf7 20. Rxf7+ Bxf7 21. Qd1 Qd7 22.
g4 Rb8 23. f3 Bd8 24. Qa4 Nf8 25. Bf1 Ne6 26. Kg2 Be8 27. Be2 Qb7 28. Bd1 Nd4
29. Rf1 Bd7 30. Qb4 Qxb4 31. axb4 Rxb4 32. Ba3 c5 33. Bxb4 cxb4 34. Nb3 Bb6 35.
Nxd4 Bxd4 36. Bb3 a5 37. Rb1 Bc3 38. Kf2 a4 39. Ba2 Kf6 40. Ke2 Ke7 41. Kd1 b3
42. Rxb3 axb3 43. Bxb3 Bd4 0-1

[Event "10th American Continental"]
[Site "Montevideo URU"]
[Date "2015.05.21"]
[Round "8.43"]
[White "Madeira, Wagner Martins"]
[Black "D Andrea, Leonardo"]
[Result "1/2-1/2"]
[WhiteTitle "FM"]
[WhiteElo "2179"]
[BlackElo "1984"]
[WhiteFideId "2100797"]
[BlackFideId "3005232"]
[EventDate "2015.05.15"]
[EventType "swiss"]

1. e4 e5 2. Nf3 Nc6 3. Bc4 Nf6 4. d3 Be7 5. c3 O-O 6. O-O d6 7. Nbd2 a6 8. Bb3
b5 9. Re1 Na5 10. Bc2 c5 11. Nf1 g6 12. Bh6 Re8 13. h3 Bf8 14. Qd2 Bg7 15. Ng3
Qe7 16. a4 Bb7 17. Bxg7 Kxg7 18. b4 cxb4 19. cxb4 Nc6 20. Bb3 Nd8 21. axb5 axb5
22. Rxa8 Bxa8 23. Ra1 Ne6 24. Ra5 Bc6 25. Qa2 Qd8 26. Ne2 Re7 27. g3 h6 28. Nc3
Nc7 29. Ra7 Nfe8 30. Qa5 Qb8 31. Qa2 Qc8 32. Kg2 Qd8 33. Nd2 Qb8 34. Ra5 Qd8 35.
Nf1 f5 36. Ne3 fxe4 37. dxe4 Nf6 38. f3 Qb8 39. Ncd5 Ncxd5 40. Nxd5 Nxd5 41.
Bxd5 Be8 42. h4 Qb6 43. Qf2 Qc7 44. Qd2 Qb6 45. Ra8 Bf7 46. Rc8 Bxd5 47. Qxd5
Rf7 48. Qa8 Qe3 49. Rg8+ Kh7 50. Rh8+ Kg7 51. Qg8+ Kf6 52. Qd8+ Kg7 53. Qg8+ Kf6 1/2-1/2

[Event "10th American Continental"]
[Site "Montevideo URU"]
[Date "2015.05.21"]
[Round "8.44"]
[White "Guerrero, Alvaro"]
[Black "Cao, Jorge"]
[Result "1-0"]
[WhiteElo "2156"]
[BlackElo "1929"]
[WhiteFideId "3000478"]
[BlackFideId "3000109"]
[EventDate "2015.05.15"]
[EventType "swiss"]

1. d4 Nf6 2. c4 c5 3. d5 d6 4. f3 g6 5. e4 Bg7 6. Ne2 O-O 7. Nec3 e6 8. Be2 exd5
9. cxd5 Na6 10. O-O Nc7 11. a4 Rb8 12. Na3 b6 13. Rb1 a6 14. Be3 Bb7 15. Qd2 Rc8
16. Bf2 Qe7 17. Rfe1 Nd7 18. Bf1 Ba8 19. b4 Qf6 20. Rec1 Bb7 21. Rb3 Ba8 22. b5
a5 23. Nc4 Ne5 24. Nd1 Qe7 25. Nde3 Rcd8 26. Rd1 f6 27. Nc2 Nxc4 28. Bxc4 Bb7
29. Ne3 Bc8 30. Re1 Ne8 31. g4 Bh6 32. Bg3 Bg7 33. h3 Kh8 34. Bd3 Bh6 35. f4 Bg7
36. Nc4 Qf7 37. f5 g5 38. Qh2 Qe7 39. Bb1 Kg8 40. Nd2 Kh8 41. h4 h6 42. Rbe3 Rd7
43. Kf1 1-0

[Event "10th American Continental"]
[Site "Montevideo URU"]
[Date "2015.05.21"]
[Round "8.45"]
[White "Pichuaga, Juan Pablo"]
[Black "Borgeaud Fuentes, Oscar"]
[Result "1/2-1/2"]
[WhiteElo "2141"]
[BlackElo "2003"]
[WhiteFideId "3000451"]
[BlackFideId "3409325"]
[EventDate "2015.05.15"]
[EventType "swiss"]

1. d4 d5 2. c4 c6 3. Nc3 Nf6 4. e3 e6 5. Nf3 Nbd7 6. cxd5 exd5 7. Bd3 Bd6 8. Bd2
O-O 9. Ne2 Ne4 10. b4 Qe7 11. Rb1 Ndf6 12. h3 Re8 13. b5 Bd7 14. bxc6 bxc6 15.
O-O Nh5 16. Rb7 Rad8 17. Rxa7 Qf6 18. Ne5 Bxe5 19. dxe5 Qg6 20. Kh2 Bf5 21. Nd4
Nxd2 22. Nxf5 Nxf1+ 23. Qxf1 Qe6 24. f4 Ra8 25. Nd4 Qh6 26. Nf5 Qe6 27. Nd4 Qh6 1/2-1/2

[Event "10th American Continental"]
[Site "Montevideo URU"]
[Date "2015.05.21"]
[Round "8.46"]
[White "Acosta, Mariano USA"]
[Black "Sabas, Jorge"]
[Result "0-1"]
[BlackTitle "FM"]
[WhiteElo "1967"]
[BlackElo "2254"]
[WhiteFideId "2008629"]
[BlackFideId "101877"]
[EventDate "2015.05.15"]
[EventType "swiss"]

1. d4 c6 2. Nf3 d5 3. c3 Nf6 4. Bg5 Ne4 5. Bh4 Bf5 6. Nbd2 Nd7 7. e3 h6 8. Qb3
Qb6 9. a4 e6 10. a5 Qxb3 11. Nxb3 a6 12. Nfd2 g5 13. Nxe4 gxh4 14. Ned2 Be7 15.
Nc1 e5 16. dxe5 Nxe5 17. Nf3 Nxf3+ 18. gxf3 Rg8 19. Bd3 Be6 20. Ne2 O-O-O 21. b4
Kb8 22. Nd4 Bf6 23. Ke2 Bh3 24. Rhg1 Rde8 25. Bh7 Rg2 26. Rxg2 Bxg2 27. Bf5 Rg8
28. h3 Kc7 29. Bg4 h5 30. Bxh5 Bxh3 31. Bxf7 Rh8 32. Rh1 Bc8 33. f4 Kd6 34. Kd2
Bxd4 35. cxd4 Bf5 36. f3 Ke7 37. e4 dxe4 38. fxe4 Bxe4 39. Re1 Kxf7 40. Rxe4 h3
41. Re1 h2 42. Rh1 Kf6 43. Kd3 Kf5 44. Kc4 Kxf4 45. d5 cxd5+ 46. Kxd5 Kg3 0-1

[Event "10th American Continental"]
[Site "Montevideo URU"]
[Date "2015.05.21"]
[Round "8.47"]
[White "Curi, Gabriel"]
[Black "Zimmermann, Kleber Renato P."]
[Result "1-0"]
[WhiteTitle "FM"]
[BlackTitle "CM"]
[WhiteElo "2253"]
[BlackElo "1966"]
[WhiteFideId "3000400"]
[BlackFideId "2150050"]
[EventDate "2015.05.15"]
[EventType "swiss"]

1. d4 Nf6 2. c4 c5 3. d5 b5 4. cxb5 a6 5. bxa6 Bxa6 6. Nc3 g6 7. Nf3 d6 8. e4
Bxf1 9. Kxf1 Nbd7 10. g3 Bg7 11. Kg2 O-O 12. a4 Qb6 13. Qe2 Rfb8 14. Nb5 Ne8 15.
Bg5 Kf8 16. Nd2 Nc7 17. Nc4 Qb7 18. Nxc7 Qxc7 19. a5 Qb7 20. Bd2 Qa6 21. Rhe1
Ne5 22. Nxe5 Bxe5 23. Bc3 Qxe2 24. Rxe2 Ra6 25. f4 Bxc3 26. bxc3 Rb5 27. Rea2 c4
28. Ra4 Rc5 29. Kf3 f5 30. g4 fxe4+ 31. Kxe4 Kf7 32. Kd4 Kf6 33. R1a2 e6 34.
dxe6 Kxe6 35. h3 h5 36. Ra1 hxg4 37. hxg4 Kf6 38. R1a2 Ke6 39. Re2+ Kf6 40. Rf2
Raxa5 41. Rxa5 Rxa5 42. Kxc4 Ke6 43. Re2+ Kd7 44. Kd4 Ra4+ 45. c4 Ra5 46. Rh2
Ke6 47. Rh6 Kf7 48. f5 gxf5 49. gxf5 Rxf5 50. Rxd6 Ke7 51. c5 Rf1 52. Kd5 Rd1+
53. Kc6 Rc1 54. Rd2 Rc3 55. Kb6 Rb3+ 56. Kc7 Rb1 57. Re2+ Kf7 58. c6 Rb3 59. Kc8
Rb1 60. c7 Rb2 1-0

[Event "10th American Continental"]
[Site "Montevideo URU"]
[Date "2015.05.21"]
[Round "8.48"]
[White "Diaz, Maria M.A."]
[Black "Fernandez, Maria Florencia"]
[Result "0-1"]
[WhiteTitle "WFM"]
[BlackTitle "WIM"]
[WhiteElo "1963"]
[BlackElo "2200"]
[WhiteFideId "7500114"]
[BlackFideId "116459"]
[EventDate "2015.05.15"]
[EventType "swiss"]

1. d4 Nf6 2. Nf3 g6 3. Nc3 d5 4. Bg5 Bg7 5. e3 O-O 6. Be2 h6 7. Bh4 g5 8. Bg3
Bf5 9. Nb5 Na6 10. c4 c6 11. Nc3 Nc7 12. Qb3 Qc8 13. Nd2 Be6 14. c5 Bf5 15. a4
Nd7 16. a5 e5 17. a6 Nxa6 18. Bxa6 bxa6 19. Ne2 exd4 20. exd4 Re8 21. Kd1 Rxe2
22. Kxe2 Bxd4 23. Qb4 Bxc5 24. Qc3 Qb7 25. h4 Qb5+ 26. Kd1 Bb4 27. Qf3 Bxd2 28.
Qxf5 Qxb2 29. Rb1 Qa2 30. hxg5 Bxg5 31. f4 Qxg2 32. Re1 Qf3+ 33. Re2 Nc5 34.
fxg5 Qxf5 0-1

[Event "10th American Continental"]
[Site "Montevideo URU"]
[Date "2015.05.21"]
[Round "8.49"]
[White "Ibanez, Marcelo"]
[Black "Andrade, Roberto Luiz Costa"]
[Result "1-0"]
[BlackTitle "FM"]
[WhiteElo "1963"]
[BlackElo "2177"]
[WhiteFideId "3002691"]
[BlackFideId "2101521"]
[EventDate "2015.05.15"]
[EventType "swiss"]

1. d4 d5 2. Nf3 Nf6 3. Bg5 Ne4 4. Bf4 e6 5. Nbd2 Nxd2 6. Qxd2 Bd6 7. Bg5 Be7 8.
h4 Nd7 9. g4 c5 10. e3 Qb6 11. c3 Nf6 12. Bxf6 gxf6 13. g5 Bd7 14. dxc5 Qxc5 15.
Qd4 Qxd4 16. exd4 Kf8 17. Bd3 Rc8 18. Kd2 Be8 19. Rag1 a6 20. Nh2 e5 21. gxf6
Bxf6 22. Ng4 Bg7 23. Nxe5 h5 24. Rh3 Rh6 25. Rf3 Rf6 26. Rgg3 Rd8 27. Kc2 Rdd6
28. Rxf6 Rxf6 29. Rf3 Ke7 30. Be2 Kd6 31. Rxf6+ Bxf6 32. Bxh5 Bxh4 33. Nd3 Bb5
34. f3 f6 35. Bf7 Bxd3+ 36. Kxd3 Bg5 37. Kc2 Bf4 38. Bg8 Bh6 39. Kb3 Bc1 40. Kc2
Bh6 41. b3 b5 42. Bh7 Bf4 43. Bg6 Bh6 44. Kd3 Bc1 45. Be8 Ba3 46. Kc2 Kc7 47. b4
Kd6 48. Bg6 Ke6 49. Bh7 Kd6 50. Bf5 Kc7 51. Be6 Kc6 52. f4 a5 53. bxa5 Bd6 54.
f5 b4 55. a6 bxc3 56. Bxd5+ Kb6 57. Bc4 Bb4 58. Bd3 Ba5 59. a3 Ka7 60. d5 Kb6
61. d6 Ka7 62. Kb3 Kb6 63. Ka4 c2 64. Bxc2 1-0

[Event "10th American Continental"]
[Site "Montevideo URU"]
[Date "2015.05.21"]
[Round "8.50"]
[White "Blanchard, Marcel"]
[Black "Chemin, Justo Reinaldo"]
[Result "0-1"]
[BlackTitle "FM"]
[WhiteElo "1804"]
[BlackElo "2135"]
[WhiteFideId "3000214"]
[BlackFideId "2101580"]
[EventDate "2015.05.15"]
[EventType "swiss"]

1. d4 d5 2. c4 e6 3. g3 Nf6 4. Bg2 c6 5. Nf3 Bb4+ 6. Bd2 Be7 7. O-O O-O 8. Qc2
Nbd7 9. Rd1 Ne4 10. Bf4 f5 11. Ne5 Bf6 12. f3 Bxe5 13. Bxe5 Nxe5 14. cxd5 exd5
15. Qb3 Nf7 16. fxe4 fxe4 17. Nc3 Qb6 18. Qa3 Bg4 19. h3 Bh5 20. b4 a5 21. b5
Qd8 22. bxc6 bxc6 23. g4 Bg6 24. Na4 Nd6 25. Qg3 Nc4 26. Nc5 Qb8 27. Qxb8 Rfxb8
28. Rab1 e3 29. Ra1 Rb2 30. Bf3 Rd2 31. Nb3 Rb2 32. Rdc1 a4 33. Nc5 a3 34. Nb3
Re8 35. Nc5 Reb8 36. Nb3 Rb6 37. Kg2 Bc2 38. Nc5 Rb1 39. Kg3 Rxa1 40. Rxa1 Rb1
41. Nb3 Rxa1 42. Nxa1 Bb1 43. Kf4 Bxa2 44. g5 Kf7 45. Bg4 Ke7 46. Bf5 g6 47. Bd3
Ke6 48. h4 Kf7 49. Bc2 Nd6 50. Ke5 Nb5 51. Bd3 Bc4 52. Bxc4 dxc4 53. Nc2 a2 54.
Ke4 Nd6+ 55. Kxe3 Nf5+ 56. Ke4 Ke6 57. e3 Nxh4 58. Na1 Nf5 59. Nc2 Kd6 60. Na1
Ng7 61. Nc2 Ne6 62. Kf3 Nxg5+ 63. Kf4 Ne6+ 0-1

[Event "10th American Continental"]
[Site "Montevideo URU"]
[Date "2015.05.21"]
[Round "8.51"]
[White "Rodriguez, Paulo Virgilio Rios"]
[Black "Dornelles, Marcio Neron Camargo"]
[Result "0-1"]
[WhiteElo "2072"]
[BlackElo "1980"]
[WhiteFideId "2108267"]
[BlackFideId "2146673"]
[EventDate "2015.05.15"]
[EventType "swiss"]

1. d4 Nf6 2. Nf3 g6 3. g3 Bg7 4. Bg2 O-O 5. O-O d6 6. c4 Nbd7 7. Nc3 e5 8. e3 c6
9. b3 Re8 10. Bb2 e4 11. Nd2 d5 12. Rc1 Nf8 13. b4 Bf5 14. h3 h5 15. cxd5 cxd5
16. Nb5 Ne6 17. Nc3 Ng5 18. h4 Ne6 19. Ne2 Ng4 20. Re1 g5 21. hxg5 Qxg5 22. Nf1
h4 23. Qd2 Qh6 24. f4 h3 25. Bh1 h2+ 26. Kg2 Bf6 27. Nc3 Kg7 28. Nd1 Rh8 29. Nf2
Qh5 30. Re2 Ne5 31. g4 Nxg4 32. Ng3 Qg6 33. Kf1 Bh4 34. Nxf5+ Qxf5 35. Nxg4 Qxg4
36. Rxh2 Kf6 37. Qg2 Qh5 38. Qh3 Rag8 39. Rg2 Rxg2 40. Bxg2 Rg8 41. Qh2 Qg4 42.
b5 Ng7 43. f5 Qxf5+ 44. Qf4 Qxf4+ 45. exf4 Ne6 46. Bxe4 Nxf4 47. Bf3 Rg3 48. Rc3
Kg6 49. Bc1 Ne6 50. Bd2 Nxd4 51. Bxd5 Rxc3 52. Bxc3 Nxb5 53. Be5 Bf6 54. Be4+
Kg5 55. Bb8 b6 56. Bd3 Nc3 57. Bxa7 Bd4 58. a3 f5 59. Bb8 Bc5 60. Bc7 Nd5 61.
Bd8+ Kg4 62. a4 Be7 63. Bxe7 Nxe7 64. Kg2 Kf4 65. Kf2 Ng6 66. Bc2 Ne5 67. Bb1
Kg4 68. Bc2 Kf4 69. Ke2 Nc6 70. Bb1 Ke5 71. Kd3 f4 72. Kc4 Nd4 73. Kd3 Ne6 74.
Kc4 Nd4 75. Kd3 Nb3 76. Kc3 Nc5 77. Kb4 f3 78. a5 f2 79. axb6 f1=Q 0-1

[Event "10th American Continental"]
[Site "Montevideo URU"]
[Date "2015.05.21"]
[Round "8.52"]
[White "Arias Bouzada, Jorge URU"]
[Black "Rodriguez Farias, Eduardo"]
[Result "1-0"]
[WhiteTitle "CM"]
[WhiteElo "2070"]
[BlackElo "1956"]
[WhiteFideId "3000389"]
[BlackFideId "3005062"]
[EventDate "2015.05.15"]
[EventType "swiss"]

1. e4 c5 2. Nf3 Nc6 3. d4 cxd4 4. Nxd4 Nf6 5. Nc3 e5 6. Ndb5 d6 7. Nd5 Nxd5 8.
exd5 Ne7 9. c3 Nf5 10. a4 Be7 11. Be2 O-O 12. O-O Nh4 13. Be3 a6 14. Na3 f5 15.
Nc4 f4 16. Bb6 Qd7 17. f3 Rf6 18. Bf2 Nxg2 19. Kxg2 Qh3+ 20. Kh1 Rh6 21. Bg1 Bh4
22. Bd3 Bg3 23. Qe2 Bf5 24. Rad1 Rf8 25. Bxf5 Rxf5 26. Qg2 Qh4 27. Rd2 Rg6 28.
Qe2 Rfg5 29. Qd1 Qh3 30. Rg2 h5 31. Nd2 h4 32. Ne4 Rh5 33. Nf2 Qd7 34. Qc2 Rgh6
35. Ng4 Rh7 36. h3 Kf7 37. Qe4 Rh8 38. Rc2 Rc8 39. c4 Qxa4 40. Rfc1 Qd7 41. Kg2
Kg8 42. Qg6 Qf7 43. Nf6+ Qxf6 44. Qxh5 e4 45. fxe4 Rf8 46. Qf3 1-0

[Event "10th American Continental"]
[Site "Montevideo URU"]
[Date "2015.05.21"]
[Round "8.53"]
[White "Chamlian, Aram"]
[Black "Hirota da Silva, Nilton"]
[Result "0-1"]
[WhiteElo "1714"]
[BlackElo "2045"]
[WhiteFideId "3003639"]
[BlackFideId "2101700"]
[EventDate "2015.05.15"]
[EventType "swiss"]

1. e4 d5 2. exd5 Qxd5 3. d4 e5 4. Nf3 exd4 5. Nc3 Qe6+ 6. Ne2 c5 7. g3 Bd7 8.
Bg2 Nc6 9. O-O O-O-O 10. Re1 Qc4 11. Bf4 f6 12. b3 Qf7 13. Nexd4 cxd4 14. Nxd4
g5 15. Bxc6 Bxc6 16. Nxc6 bxc6 17. Qg4+ Qd7 18. Qe2 gxf4 19. Rad1 Bd6 20. c4
fxg3 21. hxg3 Qc7 22. c5 Be7 23. Qg4+ f5 24. Qxf5+ Kb7 25. Rc1 Nf6 26. Rc4 Nd5
27. Re6 h5 28. b4 h4 29. b5 cxb5 30. Qb1 a6 31. g4 Rhf8 32. a4 Rf4 33. axb5 Rxc4
34. c6+ Ka7 35. Qa1 a5 36. Qf1 Rxg4+ 37. Kh1 Rdg8 38. b6+ Qxb6 39. Qe2 Qb1+ 40.
Kh2 Qg1+ 0-1

[Event "10th American Continental"]
[Site "Montevideo URU"]
[Date "2015.05.21"]
[Round "8.54"]
[White "Colman, Matias"]
[Black "Dominguez, Facundo"]
[Result "1-0"]
[WhiteElo "2036"]
[BlackElo "1947"]
[WhiteFideId "3000699"]
[BlackFideId "3005178"]
[EventDate "2015.05.15"]
[EventType "swiss"]

1. d4 Nf6 2. c4 e6 3. Nc3 Bb4 4. Qc2 d5 5. a3 Bxc3+ 6. Qxc3 Ne4 7. Qc2 Nc6 8.
Nf3 O-O 9. Bf4 Re8 10. e3 Nf6 11. Bd3 dxc4 12. Bxc4 Ne7 13. Bd3 c6 14. Bg5 Ng6
15. O-O Qd6 16. Bxg6 hxg6 17. Ne5 Nd5 18. Bh4 Ne7 19. Bxe7 Rxe7 20. Qc5 Qc7 21.
f4 b6 22. Qxc6 Qxc6 23. Nxc6 Rc7 24. Rfc1 Bb7 25. Nb4 Rac8 26. Rxc7 Rxc7 27. Rf1
a5 28. Na2 Kf8 29. Rc1 Rxc1+ 30. Nxc1 Ke7 31. Na2 Kd6 32. Nc3 Bc6 33. e4 b5 34.
b4 axb4 35. axb4 Be8 36. Kf2 f6 37. Ke3 f5 38. e5+ Kc6 39. h3 Bf7 40. g4 Be8 41.
gxf5 gxf5 42. Kf3 Bf7 43. Kg3 Be8 44. Kh4 Kc7 45. Kg5 Kd8 46. h4 Ke7 47. d5 1-0

[Event "10th American Continental"]
[Site "Montevideo URU"]
[Date "2015.05.21"]
[Round "8.56"]
[White "Moccero, Eduardo"]
[Black "Guisande, Fernando"]
[Result "1/2-1/2"]
[WhiteElo "2004"]
[BlackElo "1898"]
[WhiteFideId "103373"]
[BlackFideId "3002918"]
[EventDate "2015.05.15"]
[EventType "swiss"]

1. d4 Nf6 2. Nf3 e6 3. e3 d5 4. Bd3 c5 5. c3 Nc6 6. Nbd2 cxd4 7. exd4 Bd6 8. O-O
O-O 9. Re1 Qc7 10. Nf1 e5 11. dxe5 Nxe5 12. Nxe5 Bxe5 13. Bg5 Ng4 14. Ng3 h6 15.
Be3 Nxe3 16. Rxe3 Be6 17. Bc2 g6 18. Rd3 Bxg3 19. Rxg3 Bf5 20. Qd2 Bxc2 21. Qxc2
Rfe8 22. h3 Re5 23. Qd2 Kh7 24. Re3 Rae8 25. Rxe5 Qxe5 26. Rd1 Rd8 27. Qd4 Qxd4
28. Rxd4 Kg7 29. Kf1 Kf6 30. Ke2 Ke6 31. Kd3 Rd6 32. Rb4 b6 33. Kd4 f6 34. a4 a6
35. a5 bxa5 36. Ra4 Rb6 37. Rxa5 Rxb2 38. Rxa6+ Ke7 39. Kxd5 Rd2+ 40. Kc5 Rxf2
41. c4 Rxg2 42. Ra7+ Ke6 43. Kc6 f5 44. c5 Rc2 45. Rg7 Kf6 46. Rh7 f4 47. Rxh6
f3 48. Rh8 f2 49. Rf8+ Kg5 50. Kd6 Kh5 51. Rf3 g5 52. c6 g4 53. hxg4+ Kxg4 1/2-1/2

[Event "10th American Continental"]
[Site "Montevideo URU"]
[Date "2015.05.21"]
[Round "8.57"]
[White "De Haro, Martim Afonso Palma"]
[Black "Toledo, Javier"]
[Result "0-1"]
[WhiteElo "2048"]
[BlackElo "1769"]
[WhiteFideId "2101653"]
[BlackFideId "3007502"]
[EventDate "2015.05.15"]
[EventType "swiss"]

1. d4 d5 2. c4 e6 3. Nf3 f5 4. g3 c6 5. Bg2 Nf6 6. O-O Bd6 7. b3 Qe7 8. Bf4 Bxf4
9. gxf4 O-O 10. Qc2 a5 11. a3 Na6 12. Nc3 Rb8 13. Rfc1 Bd7 14. e3 Be8 15. Ne5
Ng4 16. h3 Nxe5 17. dxe5 Kh8 18. cxd5 cxd5 19. Ne2 Rg8 20. Qc3 b6 21. Nd4 g5 22.
Kh2 g4 23. Qd2 Rg6 24. Rh1 Bd7 25. hxg4 Rxg4 26. Bh3 Qh4 27. Rag1 Rbg8 28. Qe1
R8g6 29. Rg3 Nc5 30. Nf3 Qh5 31. Kg2 Rxg3+ 32. fxg3 Ne4 33. Ng5 Nxg5 34. fxg5
Qxg5 35. Kh2 Rh6 36. Kg1 Rg6 37. Kh2 Bc6 38. Bg2 Rh6+ 39. Kg1 Rxh1+ 40. Kxh1 Bb5
41. Kg1 Qe7 42. Qc1 Qd7 43. e4 dxe4 44. Qg5 Qd4+ 45. Kh2 Qxe5 46. Qd8+ Kg7 47.
Qxb6 Be8 48. Qa7+ Bf7 49. Qe7 f4 50. gxf4 Qxf4+ 51. Kh3 e3 52. Qc5 Qf5+ 0-1

[Event "10th American Continental"]
[Site "Montevideo URU"]
[Date "2015.05.21"]
[Round "8.58"]
[White "Campora, Edgardo"]
[Black "Daneri, Martin"]
[Result "0-1"]
[BlackTitle "CM"]
[WhiteElo "1847"]
[BlackElo "2109"]
[WhiteFideId "3003612"]
[BlackFideId "104981"]
[EventDate "2015.05.15"]
[EventType "swiss"]

1. e4 c5 2. Nf3 e6 3. c3 Nf6 4. Bd3 Nc6 5. Bc2 d5 6. exd5 Nxd5 7. d4 Be7 8. O-O
O-O 9. Qd3 g6 10. Rd1 Qc7 11. Na3 a6 12. Nc4 cxd4 13. Nxd4 Nxd4 14. Qxd4 Bf6 15.
Qe4 b5 16. Ne3 Bb7 17. Ng4 Bg7 18. Nh6+ Kh8 19. Qh4 Nxc3 20. Nxf7+ Rxf7 21. Bxg6
Bf6 22. Qh3 Nxd1 23. Bf4 Qxf4 0-1

[Event "10th American Continental"]
[Site "Montevideo URU"]
[Date "2015.05.21"]
[Round "8.59"]
[White "Casas, Nicolas"]
[Black "Idiarte Borda, Jorge"]
[Result "1/2-1/2"]
[WhiteElo "1834"]
[BlackElo "2035"]
[WhiteFideId "3002055"]
[BlackFideId "3000842"]
[EventDate "2015.05.15"]
[EventType "swiss"]

1. d4 Nf6 2. Nf3 e6 3. Bg5 Be7 4. e3 d5 5. Bd3 Nbd7 6. Nbd2 O-O 7. O-O b6 8. Ne5
Nxe5 9. dxe5 Nd7 10. Bxe7 Qxe7 11. f4 g6 12. Qg4 f6 13. exf6 Nxf6 14. Qg3 Bb7
15. Nf3 c5 16. c3 c4 17. Bc2 Rad8 18. Qg5 Qg7 19. Nd4 Rfe8 20. Rf3 Rd7 21. Ba4
Ne4 22. Qe5 Rde7 23. Bxe8 Rxe8 24. Qxg7+ Kxg7 25. Rff1 a6 26. Rac1 Kf7 27. Nf3
Nf6 28. b3 Ke7 29. bxc4 dxc4 30. Ne5 b5 31. Rfd1 Bd5 32. Rb1 Ne4 33. Rdc1 Rb8
34. Rb2 a5 35. a3 1/2-1/2

[Event "10th American Continental"]
[Site "Montevideo URU"]
[Date "2015.05.21"]
[Round "8.60"]
[White "De la Torre, Andres"]
[Black "Garcia La Rosa, Lorena Estefania"]
[Result "0-1"]
[BlackTitle "WCM"]
[WhiteElo "1699"]
[BlackElo "2017"]
[WhiteFideId "3005186"]
[BlackFideId "3901262"]
[EventDate "2015.05.15"]
[EventType "swiss"]

1. g3 c5 2. Bg2 Nc6 3. d3 g6 4. e4 e5 5. f4 d6 6. Nc3 Bg7 7. Nf3 Nge7 8. O-O O-O
9. fxe5 dxe5 10. Be3 Nd4 11. Ne2 b6 12. Nexd4 cxd4 13. Bd2 Ba6 14. Ne1 Qd7 15.
Qc1 Rac8 16. Bh6 Rc6 17. Bxg7 Kxg7 18. a4 Rfc8 19. b4 Rc3 20. Qg5 Qe6 21. Bh3
Qd6 22. Bxc8 Bxc8 23. Rf2 h6 24. Qc1 Qxb4 25. Nf3 Nc6 26. Qf1 Be6 27. Qb1 Qc5
28. Qf1 Nb4 29. Ne1 a5 30. g4 Nxc2 31. Nxc2 Rxc2 32. Rxc2 Qxc2 33. h3 Bd7 34.
Rb1 Bxa4 35. Rxb6 Qd1 36. Qxd1 Bxd1 37. Kf2 a4 38. Ra6 g5 39. Ke1 Bb3 40. Kd2 f6
41. Ra7+ Kg6 42. Ke1 h5 43. Kd2 hxg4 44. hxg4 Be6 45. Rxa4 Bxg4 46. Ra6 Bf3 47.
Ke1 g4 48. Kf2 Kg5 49. Kg3 f5 50. exf5 Kxf5 51. Kf2 e4 52. Ra5+ Kf4 53. dxe4 g3+
54. Kg1 Bxe4 55. Ra7 d3 56. Rf7+ Ke3 57. Ra7 g2 58. Rd7 d2 0-1

[Event "10th American Continental"]
[Site "Montevideo URU"]
[Date "2015.05.21"]
[Round "8.61"]
[White "Pena Canapa, Alfredo"]
[Black "Ruggiero, Alvaro"]
[Result "1-0"]
[BlackTitle "CM"]
[WhiteElo "1785"]
[BlackElo "1967"]
[WhiteFideId "3003140"]
[BlackFideId "3001504"]
[EventDate "2015.05.15"]
[EventType "swiss"]

1. d4 d5 2. Nf3 Nf6 3. Bg5 e6 4. e3 Nbd7 5. Nbd2 Be7 6. Bd3 O-O 7. c3 c5 8. Ne5
Nxe5 9. dxe5 Nd7 10. Bxe7 Qxe7 11. f4 f6 12. exf6 Qxf6 13. O-O c4 14. Bc2 Nc5
15. Qe2 b5 16. a3 a5 17. Nf3 Ba6 18. Ne5 g6 19. Qg4 Ne4 20. Nd7 Qf5 21. Qh4 Rfd8
22. g4 Qf7 23. Ne5 Qg7 24. g5 Bb7 25. Qg4 Ra6 26. Rad1 Rad6 27. Rd4 Nc5 28. Rfd1
Qe7 29. h4 Nd7 30. h5 Qg7 31. hxg6 hxg6 32. Qg3 Nxe5 33. fxe5 R6d7 34. Rf1 Rf8
35. Rf6 Rdf7 36. Bxg6 b4 37. Bxf7+ Rxf7 38. Rxf7 Qxf7 39. Qf4 Qg6 40. Qf3 Kg7
41. Rg4 Qb1+ 42. Qf1 Qxb2 43. Qf6+ Kg8 44. Qg6+ 1-0